书目信息 |
| 题名: |
阴离子黏土插层构建与环境修复技术
|
|
| 作者: | 吴平霄 著 | |
| 分册: | ||
| 出版信息: | 北京 科学出版社 2016.03 |
|
| 页数: | 234页 | |
| 开本: | 24cm | |
| 丛书名: | 环境污染源头控制与生态修复系列丛书 | |
| 单 册: | ||
| 中图分类: | TQ423.11 | |
| 科图分类: | ||
| 主题词: | 阴离子表面活性剂--研究 | |
| 电子资源: | ||
| ISBN: | 978-7-03-047771-2 | |
| 000 | 01011oam2 2200253 450 | |
| 001 | 4396 | |
| 005 | 20181011113336.82 | |
| 010 | @a978-7-03-047771-2@b精装@dCNY98.00 | |
| 100 | @a20160419d2016 em y0chiy50 ea | |
| 101 | 0 | @achi |
| 102 | @aCN@b110000 | |
| 105 | @aa z 000yy | |
| 200 | 1 | @a阴离子黏土插层构建与环境修复技术@9yin li zi nian tu cha ceng gou jian yu huan jing xiu fu ji shu@b专著@f吴平霄[等]著 |
| 210 | @a北京@c科学出版社@d2016.03 | |
| 215 | @a234页@c图@d24cm | |
| 225 | 1 | @a环境污染源头控制与生态修复系列丛书 |
| 304 | @a著者还有:黄柱坚、黎雯、亢春喜 | |
| 330 | @a本书基于笔者团队近10年的研究成果,阐述了阴离子黏土复合材料的研究方法,构建方式和设计策略,结合环境修复技术的研究方向和应用发展趋势,介绍了阴离子黏土插层复合材料在吸咐、高级氧化等方面的应用和发展前景。 | |
| 461 | 0 | @12001 @a环境污染源头控制与生态修复系列丛书 |
| 606 | 0 | @a阴离子表面活性剂@x研究 |
| 690 | @aTQ423.11@v5 | |
| 701 | 0 | @a吴平霄@9wu ping xiao@4著 |
| 801 | 0 | @aCN@b91MARC@c20160705 |
| 905 | @aMuseLib@dTQ423.11@e56 | |
| 阴离子黏土插层构建与环境修复技术/吴平霄[等]著.-北京:科学出版社,2016.03 |
| 234页:图;24cm.-(环境污染源头控制与生态修复系列丛书) |
| ISBN 978-7-03-047771-2(精装):CNY98.00 |
| 本书基于笔者团队近10年的研究成果,阐述了阴离子黏土复合材料的研究方法,构建方式和设计策略,结合环境修复技术的研究方向和应用发展趋势,介绍了阴离子黏土插层复合材料在吸咐、高级氧化等方面的应用和发展前景。 |
| ● |
| 相关链接 |
|
|
|
|
正题名:阴离子黏土插层构建与环境修复技术
索取号:TQ423.11/56
 
预约/预借
| 序号 | 登录号 | 条形码 | 馆藏地/架位号 | 状态 | 备注 |
| 1 | 1124933 | 211249335 | 第二样本阅览室/ [索取号:TQ423.11/56] | 在馆 | |
| 2 | 1124934 | 211249344 | 化学系资料室/ [索取号:TQ423.11/56] | 在馆 | |
| 3 | 1124935 | 211249353 | 第三借阅区/ [索取号:TQ423.11/56] | 在馆 |